000 00802nam a22001817a 4500
005 20240508113352.0
008 240423b |||||||| |||| 00| 0 eng d
041 _aEnglish
082 _a746
_bVAI
100 _aVaidya A.A.
_9206309
245 _aTextile Auxiliaries & Finishing Chemicals
260 _aAhmedabad
_bAhmedabad Textles Industry's Research Association
_c1975
300 _a215
520 _aChapter 1 General Introduction Chapter 2 Important Processing Operations In which Auxiliaries are used Chapter 3 Chemistry & Synthesis of Surface Active Agents Chapter 4 Finishing Agents Chapter 5 Methods of Evaluation of Textile Auxiliaries Chapter 6 Catalogue of Textile Auxiliaries available in India
650 _aTextile
_9180666
700 _aTrivedi S. S.
_9206310
942 _cDB
999 _c357780
_d357780